000 00771cam a2200193 4500
001 ABS62557
008 000000n2000 000 0 eng u
035 _a(Sirsi) u107184
100 _aParisotti, M.
245 _aLet's be cynical
260 _c2000
490 _aBuilding
_v265(8143) 30 June 2000, 58(1)
520 _aDiscusses how partnering agreements are gaining legal effect, and are developing content also. Argues that inclusion of terms such as an open-book policy, deletion of liquidated damages provisions, and share of profit and loss may sound good in theory, but are unworkable in practice.
590 _aABS
650 _aPARTNERING AGREEMENTS
650 _aLIQUIDATED DAMAGES
690 _aBUILT ENVIRONMENT-BUILDING CONTRACT FORMS
942 _n0
999 _c64073
_d64073